000 00880cab a2200253 4500
001 WB3313-42
008 090401t1997 xxu||||| |||| 00| 0 eng d
035 _a(Sirsi) u77433
041 _aeng
245 _aResidential agency - the new code
260 _c1997
350 _a0
490 _aEstates Gazette
_v(9712) 22 March 1997, 151(1)
520 _aCritique of the Estate Agents Act 1979 and its orders which the main professional bodies feels falls short of what is really required.
650 _aESTATE AGENTS ACT 1979
650 _aESTATE AGENTS REGULATIONS
650 _aESTATE AGENTS UNDESIRABLE PRACTICES ORDER 1991
650 _aABOUT RICS-RELATED ORGANISATIONS-INCORPORATED SOCIETY OF VALUERS AND AUCTIONEERS
650 _aNAEA
650 _aRICS
690 _aMANAGEMENT-BUSINESS MANAGEMENT-PROFESSIONAL PRACTICE
942 _n0
948 _c26/03/1997
999 _c48687
_d48687